000
00311nam a22001337a 4500
008
190306b xxu||||| |||| 00| 0 eng d
020
_a
9780071668071
041
_a
eng
080
_a
616.073
100
_a
6
101
_a
RAD
245
_a
Pocket Atlas of Emergency Ultrasound
_c
Reardon, R,F
942
_2
udc
_c
BK
999
_c
54636
_d
54636